Score 0/30 Timer 08:00
1 Play Today
% Correct
Edward Scissorhands
94.2%
Braveheart
93.1%
Million Dollar Baby
91.3%
Zoolander
88.3%
The Martian
87%
When Harry Met Sally...
84.6%
Ferris Bueller's Day Off
84.5%
Coming to America
80%
Reservoir Dogs
79.3%
Misery
76.1%
The Talented Mr. Ripley
51.3%
Labyrinth
46%
Mississippi Burning
43.4%
What About Bob?
42.9%
The Girl Next Door
37.2%
% Correct
Awakenings
34.7%
K-PAX
34.5%
Idiocracy
31.6%
28 Days Later...
28.9%
Pain & Gain
26.6%
Gods and Monsters
9.1%
Manhunter
7.1%
Bandits
6.2%
Speak
4.4%
Fanny and Alexander
4.1%
The One I Love
4.1%
House of Games
3.5%
Living in Oblivion
2.7%
Coherence
2.5%
The Legend of 1900
2%
Remove Ads.
Support Sporcle.
Get the best of Sporcle when you Go Orange. This ad-free experience offers more features, more stats, and more fun while also helping to support Sporcle. Thank you for becoming a member.

You're not logged in!

Compare scores with friends on all Sporcle quizzes.
OR
Log In

Show Comments

Extras

Top Quizzes Today


Score Distribution

Your Account Isn't Verified!

In order to create a playlist on Sporcle, you need to verify the email address you used during registration. Go to your Sporcle Settings to finish the process.

Report this User

Report this user for behavior that violates our Community Guidelines.

Details: